000 00835nas a2200313 4500
001 BR8807432
003 BR-BrBNA
005 20231205091409.0
007 ta
008 230509b bl.|||p| |||| 00| 00por d
040 _aBR-BrBNA
_bpor
_cBiblioteca Nacional de Agricultura
041 _a(Pt)
072 _aL73
100 1 _aLulai, C.
245 1 _aImersao previa reduz novas infeccoes pela metade
650 _aPRODUCAO ANIMAL
650 _aHIGIENE VETERINARIA
650 _aGLANDULA MAMARIA
650 _aINFECCAO
650 _aORDENHA
650 _aMAMITE
650 _aCONTAMINACAO
650 _aIMERSAO
650 _aIODO
650 _aVACA
773 0 _tGado Holandes (Brazil)
_xISSN 0101-7977
_g(Sep 1987), v. 52(142) p. 36-39
_wBR8807432
909 _a202311
_bLúcia
_c55
_dLúcia Elande
942 _2AGRIS
_n0
_cANA
999 _c124801
_d124801